00532pam a2200169 a 4500020002500000040002300025041001000048082001900058100001800077245009900095250001700194260004400211300001700255365001200272653001600284700006200300 c6322.50 (Hard Cover) aDental College Lib aengh a617.634 2bADD aAddy, Martin. aTooth Wear and Sensitivity Clinical Advances in Restorative Dentistry / c.hTextual Documents a1st ed / b. aLondon : bMartin Dunitz Ltd. , c2000. a378:c25*20. a6322.50 aEndodontics aEmbery,e Graham.,aEdgar, W Michael.aOrchardson, Robin.